000 00744nam a2200253Ia 4500
003 OSt
005 20220928115257.0
006 a|||||r|||| 00| 0
007 ta
008 220927b |||||||| |||| 00| 0 hin d
020 _c950
024 _a126761
037 _b228, 02/01/2015, Eastern Book Linkers
_cTextual
040 _aSDCL
_cSDCL
_bhin
041 _2hin
_ahin
082 _aQ22:225, P9
100 _aRathore Sita
_9443628
245 0 _aUpnishado mein brahma aur aatma vishyak chintan
260 _aNew Delhi
_bPooja Prakshan
_c2009
300 _ax;436p
_ccm.
650 _aSanskrit
_9391587
942 _hQ22:225, P9
_cTEXL
_2CC
999 _c758756
_d758756